El último grumete de la Baquedano

Tallennettuna:
Bibliografiset tiedot
Päätekijä: Coloane, Francisco (Tekijä)
Aineistotyyppi: Kirja
Kieli:espanja
Julkaistu: Santiago Zig-Zag 1987
Painos:31a. ed
Sarja:Colección juvenil Zig-Zag
Aiheet:
Tagit: Lisää tagi
Ei tageja, Lisää ensimmäinen tagi!

MARC

LEADER 00000nam a2200000 a 4500
001 UCH4248
003 CL-VaPUC
008 090818e19870000CL |||||||||||||||||spa|d
082 0 4 |a Ch863  |b COL  |2 21 
100 0 |a Coloane, Francisco  |e author  |9 345716 
245 1 3 |a El último grumete de la Baquedano 
250 |a 31a. ed 
300 |a 142 p 
942 |c BK 
945 |d 20090818 00:00:00  |a lazolas 
260 |a Santiago  |b Zig-Zag  |c 1987 
650 0 |a Novelas chilenas   |9 265425 
650 0 |a Literatura chilena   |9 308278 
650 0 |a Prosa chilena   |9 267787 
650 0 |a Formas y géneros literarios  |9 324031 
583 |a last modification  |c 20090818 00:00:00  |k Rodrigo Vera 
490 0 |a Colección juvenil Zig-Zag 
999 |c 335582  |d 335580